| 000 | 00000nam##2200000za#4500 |
| 001 | 9.613817 |
| 003 | CaOODSP |
| 005 | 20210929082756 |
| 007 | ta |
| 008 | 150406|1997||||xxc||||| f|0| 0 eng|d |
| 020 | |a0-662-25782-0 |
| 022 | |a1209-6571 |
| 040 | |aCaOODSP|beng |
| 043 | |an-cn--- |
| 086 | 1 |aFo29-47/1-1997E |
| 110 | 1 |aCanada. |bNatural Resources Canada. |bCanadian Forest Service. |
| 245 | 12|aA wildfire threat rating system|cby B. Hawkes and J. Beck. |
| 260 | |aVictoria - British Columbia : |bNatural Resources Canada. |c1997. |
| 300 | |a6p. : |bfigs. ; |c28 cm. |
| 490 | 1 |aTechnology transfer note|x1209-6571|vNo. 1, July, 1997 |
| 500 | |a"Recently, researchers have developed a prototype Wildfire Threat Rating System (WTRS) which takes the existing Fire Danger Rating System forward by incorporating spatial information."--Introduction. |
| 520 | 3 |aRecently, researchers have developed a prototype Wildfire Threat Rating System (WTRS) which takes the existing Fire Danger Rating System forward by incorporating spatial information.--Introduction |
| 563 | |aPamphlet |
| 590 | |a97-31|b1997-08-01 |
| 690 | 07|aForest fires|2gcpds |
| 720 | 1 |aHawkes, B. |
| 720 | 1 |aBeck, J. |
| 775 | 08|tUne méthode d'évaluation de la menace d'incendie de forêt|w(CaOODSP)9.624378 |
| 776 | 0#|tA wildfire threat rating system|w(CaOODSP)9.572354 |
| 830 | #0|aTechnology transfer note,|x1209-6571|vNo. 1, July, 1997|w(CaOODSP)9.514646 |